000 01540nam a2200325 a 4500
001 BRCA_3245
005 20190320204201.0
008 110309s1818----enka---###---#000-0#eng-#
041 _aeng
044 _aenk
084 _a546
_b.C34
_c1818
100 1 _aCervantes Saavedra, Miguel de
_d1547-1616
_9213
245 1 0 _aDon Quixote de la Mancha
_cTranslated from the Spanish of Miguel de Cervantes Saavedra by Mary Smirke.
260 _aLondres
_bT. Cadell and W. Davies
_c1818
300 _a4 v.
_bil.
_c22 cm.
500 _aContenido : v.1. Primera parte. Prefacio de la editora. Noticia biográfica sobre Cervantes tomada de Pellicer. Prólogo del autor. Notas. -- v.2. Texto. -- v.3. Segunda parte. Dedicatoria y prólogo del autor. Notas. -- v.4. Texto
500 _aEdición : Embellished whith Engravings from Pictures Painted by Robert Smirke
500 _aEjemplar del todo igual al descrito en el número 544, publicado por los mismos editores. Piel; planos orlados y lomos decorados con dorados Lúdovik Osterc
500 _aQM440
546 _aTexto en : inglés
650 1 4 _aNovela española
_yÉpoca clásica, 1500-1700
_9215
650 1 4 _aLiteratura española
_yÉpoca clásica, 1500-1700
_9216
650 1 4 _aNovela española
_ySiglo XVII
_9217
650 1 4 _aDon Quijote (Personaje ficticio)
_eNovela
_9218
700 1 _aSmirke, Mary
_d1789-1853
_eTraductora
_98647
700 1 _aSmirke, Robert
_d1781-1846
_eGrabador
_98648
740 0 _aEl Ingenioso Hidalgo Don Quijote de la Mancha
902 _aQFM
942 _2lcc
_cB
999 _c2981
_d2981